000 00715nam a2200265Ia 4500
005 20260121173602.0
008 008 260114s9999 xx 000 0 eng d
020 _a9783031225437
037 _aEBOOK
040 _aCRL
040 _beng
040 _cCRL
041 _2eng
041 _aeng
084 _qCRL
100 _aNicholas Olenev, Yuri Evtushenko, Milojica Ja?imovi?, Michael Khachay, Vlasta Malkova, Igor Pospelov
_91102685
245 0 _aOptimization and Applications
260 _bSpringer
260 _bSpringer
260 _c2022
856 _uhttps://link.springer.com/openurl?genre=book&isbn=978-3-031-22543-7
942 _cEBOOK
999 _c1668430
_d1668430